| 000 | 01084nam a22002297a 4500 | ||
|---|---|---|---|
| 001 | 75780 | ||
| 003 | BD-RjUL | ||
| 005 | 20211209082739.0 | ||
| 008 | 190703s2018 bg ||||| |||| 00| 0 ben d | ||
| 020 | _a9789843446527 | ||
| 035 | _a(BD-RjUL)75999 | ||
| 040 |
_aBD-RjUL _beng _cBD-RjUL |
||
| 041 | _aeng | ||
| 082 |
_223 _a954.9205 _bMUK 2018 |
||
| 245 |
_aমুক্তিযুদ্ধের শ্রুতিকথা : _bগাবতলীর সর্যসন্তানেরা / _cসম্পাদক মোহাম্মদ মনিরুজ্জামান, মো. আব্দুল্লাহ আল মামুন |
||
| 260 |
_aগাতলী, বগুড়া : _bউপজেলা প্রশাসন, _c২০১৮ |
||
| 300 |
_a৬০০ পৃ. : _bচিত্র ; _c২৫ সেমি. |
||
| 651 |
_aBangladesh _xHistory _yRevolution, 1971 _9232191 |
||
| 700 |
_aমনিরুজ্জামান, মোহাম্মদ _9232192 |
||
| 700 |
_aআল মামুন, মো. আব্দুল্লাহ _9232193 |
||
| 942 |
_2ddc _cBK |
||
| 999 |
_c75780 _d75780 |
||